حصيلة العقلانية والتنوير فى الفكر العربى المعاصر: (Record no. 5622)
[ view plain ]
| 000 -الفاتح | |
|---|---|
| حقل البيانات ثابتة الطول | 00872nac a22001931u 4500 |
| 008 - عناصر البيانات ثابتة الطول - معلومات عامة | |
| حقل البيانات ثابتة الطول | 080828t le|||||r|||| 100 0 ara d |
| 020 ## - الرقم الدولى المعيارى للكتب | |
| الرقم الدولى المعيارى للكتاب | 9953450897 |
| 082 ## - رقم تصنيف ديوى العشرى | |
| رقم التصنيف | 149.7 |
| رقم المادة | ع ق ل |
| 110 ## - المدخل الرئيسى - إسم هيئة | |
| اسم الهيئة أو اسم السلطة كمدخل | Markaz Derasat Al Wehda Al Arabeya. |
| 9 (RLIN) | 16456 |
| 245 ## - بيان العنوان | |
| العنوان | حصيلة العقلانية والتنوير فى الفكر العربى المعاصر: |
| بقية العنوان | بحوث ومناقشات الندوة الفكرية التى نظمها مركز دراسات الوحدة العربية/ |
| بيان المسئوليه,etc | حسن حنفى ...(وآخ) |
| 260 ## - PUBLICATION, DISTRIBUTION, ETC. (IMPRINT) | |
| مكان الناشر او الموزع | بيروت: |
| اسم الناشر او الموزع | مركز دراسات الوحدة العربية، 2005 |
| تاريخ النشر أو التوزيع | 2005. |
| 300 ## - الوصف المادى | |
| التعداد | 380 ص؛ |
| أبعاد الوعاء | 24 سم |
| 500 ## - تبصرة عامة | |
| تبصرة عامة | يشتمل على فهرس |
| 504 ## - تبصرة ببليوجرافية | |
| تبصرة ببليوجرافية,الخ | . |
| 511 ## - | |
| -- | Catalogued by: Sara |
| 541 ## - تبصرة المصدر المباشر للتزويد | |
| مصدر التزويد | ألف باء; |
| طريقة التزويد | شراء; |
| 710 ## - المدخل الاضافى - اسم هيئه | |
| 9 (RLIN) | 22284 |
| اسم الهيئة أو اسم السلطة كمدخل | مركز دراسات الوحدة العربية |
| 942 ## - عناصر المدخل الإضافي( كوها) | |
| Koha [default] item type | Book - Borrowing |
| سابقة رقم الطلب | 149.7ع ق ل |
| مصدر التصنيف او مخطط الترفيف | Dewey Decimal Classification |
| حالة التراجع | حالة الفقد | مصدر التصنيف او خطة الترفيف | حالة تلف | ليس للاعارة | مجموعات كوها | المكان الدائم | المكان الحالي | موقع الترفيف | تاريخ الاكتساب | Source of acquisition | رقم الاستدعاء | الباركود | Date last seen | مُعار | نوع الوعاء |
|---|---|---|---|---|---|---|---|---|---|---|---|---|---|---|---|
| Dewey Decimal Classification | Alef-Baa | Central Library | Central Library | Lower Floor | 31/10/2007 | 149.7 ع ق ل | 000007102 | 15/07/2025 | 11/09/2011 | Book - Borrowing |